[Event "AUTO-ADV-4846"]
[Site "http://www.queenalice.com/game.php?id=1851840"]
[Date "2025.2.10"]
[Round "1"]
[White "JoseMessias"]
[Black "matamuff"]
[Result "0-1"]
[WhiteElo "1790"]
[BlackElo "1861"]

1. e4 Nf6 2. e5 Nd5 3. c4 Nb6 4. c5 Nd5 5. Bc4 c6 6. Qf3 e6 7. Nc3 Bxc5 8. Nxd5
cxd5 9. Bb5 Nc6 10. Qg4 O-O 11. Nf3 Ne7 12. O-O Ng6 13. d4 Be7 14. h4 Bxh4 15.
Nxh4 Qxh4 16. Qg3 Qxg3 17. fxg3 Ne7 18. b3 a6 19. Bd3 b5 20. Rf4 Bb7 21. Rh4 Ng6
22. Bxg6 fxg6 23. Bf4 h6 24. Rh2 Rf5 25. Rf1 Raf8 26. Rc1 Bc6 27. Rf1 g5 28. g4
Rxf4 29. Rc1 Rxd4 30. Rh3 Rxg4 31. Ra1 Re4 32. a4 Rxe5 33. axb5 Bxb5 34. Rc3 Re2
35. Rcc1 Rff2 36. g4 Rg2+ 37. Kh1 Rh2+ 38. Kg1 Reg2# 0-1

[Event "AUTO-ADV-4846"]
[Site "http://www.queenalice.com/game.php?id=1851853"]
[Date "2025.2.10"]
[Round "1"]
[White "JoseMessias"]
[Black "Carlos19"]
[Result "1-0"]
[WhiteElo "1707"]
[BlackElo "1627"]

1. e4 e5 2. d4 Bd6 3. d5 Nf6 4. Bg5 h6 5. Bxf6 Qxf6 6. Qh5 Bc5 7. Bc4 Qxf2+ 8.
Kd1 Qd4+ 9. Nd2 g6 10. Qf3 Qe3 11. d6 Qf4 12. g3 Qxf3+ 13. Ngxf3 Bxd6 14. Rf1
O-O 15. g4 Nc6 16. g5 h5 17. Nh4 Bb4 18. Nxg6 Bxd2 19. Nxf8 Kxf8 20. Kxd2 Nd8
21. g6 Kg7 22. gxf7 Kf8 23. Rf5 Ne6 24. Raf1 Nd8 25. Rxe5 Ne6 26. Rxh5 Kg7 27.
Bxe6 Kf8 28. Rh8+ Ke7 29. Re8+ Kd6 30. f8=Q+ Kc6 31. Bd5+ Kb6 32. Qb4+ 1-0

[Event "AUTO-ADV-4846"]
[Site "http://www.queenalice.com/game.php?id=1851854"]
[Date "2025.2.10"]
[Round "1"]
[White "Carlos19"]
[Black "JoseMessias"]
[Result "1-0"]
[WhiteElo "1660"]
[BlackElo "1794"]

1. e4 e5 2. Nf3 d6 3. Bc4 Nf6 4. Ng5 d5 5. exd5 Nxd5 6. h4 h6 7. Ne4 f5 8. Nec3
Nf4 9. O-O Qxh4 10. Qf3 e4 11. Qg3 Be7 12. Qxh4 Bxh4 13. g3 Nh3+ 14. Kh2 f4 15.
gxh4 f3 16. Nxe4 c6 17. Nd6+ Kd7 18. Nxc8 Nf4 19. d4 Kxc8 20. Bxf4 g5 21. Be5
Re8 22. Kg3 b5 23. Bd3 gxh4+ 24. Kxh4 c5 25. Kh5 cxd4 26. Bxd4 Nc6 27. Bxb5 Kc7
28. Kxh6 Re6+ 29. Kg7 Nxd4 30. Bd3 Re7+ 31. Kf6 Re6+ 32. Kf7 Rh8 33. c3 Kd7 34.
cxd4 Rhh6 35. Bb5+ Kd8 36. Bc4 Ref6+ 37. Kg7 Rhg6+ 38. Kh7 Rh6+ 39. Kg7 Ke7 40.
Bd3 Rh4 41. Rg1 Rf7+ 42. Kg6 Rhh7 43. Re1+ Kf8 44. Nc3 Rhg7+ 45. Kh5 Rd7 46. d5
Rb7 47. b3 Kf7 48. Rg1 Rc7 49. Rxg7+ Kxg7 50. Bc4 Re7 51. Rg1+ Kh7 52. Bd3+ Kh8
53. Be4 Rc7 54. Nb5 Rc2 55. Bxc2 1-0

[Event "Challenge"]
[Site "http://www.queenalice.com/game.php?id=1852420"]
[Date "2025.2.18"]
[Round "-"]
[White "JoseMessias"]
[Black "Capixaba789"]
[Result "1-0"]
[WhiteElo "1766"]
[BlackElo "1899"]

1. g3 e5 2. Bg2 d5 3. d4 e4 4. Nh3 f5 5. Bg5 Nf6 6. Nf4 Be7 7. e3 O-O 8. Nc3 Nc6
9. Bxf6 Bxf6 10. Ncxd5 Bd7 11. c3 g5 12. Nh5 Bh8 13. f4 g4 14. h3 Ne7 15. Nxe7+
Qxe7 16. hxg4 Bc6 17. gxf5 Rxf5 18. Qg4+ Kf8 19. Qxf5+ Ke8 20. d5 Bd7 21. Qxe4
a5 22. Nf6+ Bxf6 23. Rxh7 Qxe4 24. Bxe4 Ra6 25. Bg6+ Kd8 26. Rf7 Bxc3+ 27. bxc3
Rxg6 28. Kf2 Bb5 29. Rh1 Rg8 30. Rhh7 Ba6 31. Rxc7 a4 32. f5 1-0

[Event "AUTO-INT-3897"]
[Site "http://www.queenalice.com/game.php?id=1852559"]
[Date "2025.2.21"]
[Round "2"]
[White "JoseMessias"]
[Black "NickThorp"]
[Result "1-0"]
[WhiteElo "1731"]
[BlackElo "1543"]

1. e4 e5 2. d4 exd4 3. Qxd4 Nc6 4. Qd5 d6 5. Bc4 Be6 6. Qd3 Bxc4 7. Qxc4 Nf6 8.
Bg5 h6 9. Bxf6 Qxf6 10. Nf3 O-O-O 11. Nc3 a6 12. O-O-O g5 13. Nd5 Qe6 14. Rhe1
Bg7 15. b4 Kb8 16. b5 axb5 17. Qxb5 Na7 18. Qb4 c6 19. Nf4 gxf4 20. Nd4 Bxd4 21.
Rxd4 c5 22. Qb6 Qxa2 23. Kd2 cxd4 24. Rb1 Rd7 25. Rb2 Qc4 26. Rb3 Nb5 27. Qxb5
d5 28. Qxd7 b5 29. Rxb5+ Ka8 30. Qb7# 1-0

[Event "AUTO-INT-3897"]
[Site "http://www.queenalice.com/game.php?id=1852560"]
[Date "2025.2.21"]
[Round "2"]
[White "NickThorp"]
[Black "JoseMessias"]
[Result "0-1"]
[WhiteElo "1561"]
[BlackElo "1721"]

1. d4 d5 2. Nc3 Nc6 3. Nf3 Bg4 4. h3 Bxf3 5. exf3 e5 6. Bb5 Qd6 7. O-O exd4 8.
Ne2 O-O-O 9. Nxd4 Nxd4 10. Qxd4 a6 11. Bd3 c5 12. Qg4+ Rd7 13. Bf5 Nf6 14. Bxd7+
Qxd7 15. Qf4 Bd6 16. Qd2 Bc7 17. a3 Qd6 18. f4 g5 19. fxg5 Qh2# 0-1

[Event "AUTO-INT-3897"]
[Site "http://www.queenalice.com/game.php?id=1852561"]
[Date "2025.2.21"]
[Round "2"]
[White "JoseMessias"]
[Black "bdpq"]
[Result "0-1"]
[WhiteElo "1792"]
[BlackElo "1645"]

1. e4 d5 2. e5 e6 3. Bb5+ Bd7 4. Bxd7+ Qxd7 5. Nf3 Bc5 6. d4 Bb4+ 7. c3 Ba5 8.
b4 Bb6 9. Nh4 Nc6 10. Qg4 g6 11. b5 Na5 12. a4 Nh6 13. Bxh6 Nc4 14. Bg7 h5 15.
Qg5 c5 16. Bxh8 Bd8 17. Nd2 Bxg5 18. Nhf3 Nxd2 19. Nxg5 Nb3 20. Rb1 Na5 21. Nh7
O-O-O 22. Bf6 Rg8 23. O-O Nc4 24. Ng5 Nd2 25. Rb2 Nxf1 26. Kxf1 cxd4 27. cxd4
Kb8 28. Rc2 Qe8 29. Rc5 b6 30. Rc6 Qd7 31. Nh7 Rc8 32. g3 Rxc6 33. bxc6 Qxc6 34.
Ng5 Qc4+ 35. Kg2 Qxd4 36. Nxf7 Qe4+ 37. Kg1 Qxa4 38. Nd8 Qd7 39. h4 b5 40. Kf1
b4 41. Ke1 d4 42. Kd2 Qc8 43. Nxe6 Qxe6 44. Kd3 Qc6 45. Kxd4 b3 46. e6 b2 47. e7
b1=Q 48. e8=Q+ Qxe8 0-1

[Event "AUTO-INT-3897"]
[Site "http://www.queenalice.com/game.php?id=1852562"]
[Date "2025.2.21"]
[Round "2"]
[White "bdpq"]
[Black "JoseMessias"]
[Result "1-0"]
[WhiteElo "1667"]
[BlackElo "1759"]

1. e4 b6 2. Qf3 Bb7 3. b3 Nf6 4. Bd3 d5 5. e5 Nfd7 6. Bb2 Nxe5 7. Bxe5 f6 8. Bf4
e5 9. Bg3 g6 10. Nc3 e4 11. Nxe4 dxe4 12. Qe3 Qe7 13. Bc4 h5 14. O-O-O Bg7 15.
Nh3 f5 16. d4 Qa3+ 17. Kd2 Qxa2 18. Ra1 Qb2 19. Rhb1 Qxd4+ 20. Qxd4 Bxd4 21.
Bxc7 Bxa1 22. Rxa1 e3+ 23. Kxe3 Bxg2 24. f3 Bxh3 25. Bd5 Nc6 26. Bxc6+ Ke7 27.
Bxa8 Rxa8 28. Bxb6 a6 29. Ra5 Kf6 30. b4 Rb8 31. Rxa6 Re8+ 32. Kf4 g5+ 33. Kg3
Bf1 34. Ra1 Be2 35. Re1 f4+ 36. Kf2 Bb5 37. Rxe8 Bxe8 38. c4 Kf5 39. b5 g4 40.
Bc7 h4 41. fxg4+ Kxg4 42. Bd8 Bf7 43. c5 Kh3 44. Kf3 Kxh2 45. Bxh4 Kh3 46. Bg5
Bc4 47. b6 Bd5+ 48. Kxf4 Bb7 49. Ke5 Kg4 50. Bd8 Kf3 51. Kd6 Ke4 52. c6 Ba6 53.
b7 Bxb7 54. cxb7 1-0

[Event "Challenge"]
[Site "http://www.queenalice.com/game.php?id=1852578"]
[Date "2025.2.21"]
[Round "-"]
[White "Capixaba789"]
[Black "JoseMessias"]
[Result "0-1"]
[WhiteElo "1859"]
[BlackElo "1773"]

1. e4 e5 2. Bc4 Bc5 3. Nf3 d6 4. O-O Bg4 5. d4 exd4 6. Bxf7+ Kxf7 7. Ne5+ dxe5
8. Qxg4 Nf6 9. f4 Nxg4 10. fxe5+ Kg8 0-1

[Event "AUTO-INT-3874"]
[Site "http://www.queenalice.com/game.php?id=1852916"]
[Date "2025.2.26"]
[Round "2"]
[White "scarabeli"]
[Black "JoseMessias"]
[Result "1-0"]
[WhiteElo "1912"]
[BlackElo "1723"]

1. e4 b6 2. d4 Bb7 3. Bd3 d5 4. exd5 Bxd5 5. Nf3 c5 6. Nc3 cxd4 7. Bb5+ Bc6 8.
Bxc6+ Nxc6 9. Ne2 e5 10. c3 dxc3 11. Qa4 Qd7 12. Nxc3 O-O-O 13. O-O Bb4 14. Rd1
Nd4 15. Qxb4 Nc2 16. Qc4+ Qc7 17. Rxd8+ Kxd8 18. Qd3+ Nd4 19. Nxd4 exd4 20.
Qxd4+ Ke8 21. Qxg7 Qe7 22. Bf4 Qf6 23. Re1+ Kd7 24. Be5 Qxg7 25. Bxg7 f6 26.
Bxh8 Kd6 27. Re8 Ne7 28. Ne4+ Ke6 29. Bxf6 Kf7 30. Rxe7+ Kg6 31. g4 h5 32. Rg7+
1-0

[Event "AUTO-INT-3874"]
[Site "http://www.queenalice.com/game.php?id=1852917"]
[Date "2025.2.26"]
[Round "2"]
[White "JoseMessias"]
[Black "scarabeli"]
[Result "0-1"]
[WhiteElo "1752"]
[BlackElo "1898"]

1. g3 c5 2. Bg2 Nf6 3. e4 Nc6 4. f4 d5 5. e5 Ng8 6. Nc3 e6 7. Nf3 h5 8. d4 Nh6
9. Ng5 cxd4 10. Nb5 Qa5+ 11. c3 Qxb5 12. cxd4 Qb4+ 13. Qd2 Qxd4 14. Nf3 Qb6 15.
f5 Bb4 16. Kd1 Bxd2 17. Bxd2 Qxb2 18. Rc1 Nxf5 19. Rc2 Qb1+ 20. Rc1 Qxa2 21. Bf1
Qb3+ 22. Ke2 Ncd4+ 23. Nxd4 Nxd4+ 24. Kf2 Qf3+ 25. Kg1 h4 26. Rc3 Ne2+ 27. Bxe2
Qxe2 28. Rc2 h3 29. Bf4 Qe1# 0-1

[Event "AUTO-INT-3874"]
[Site "http://www.queenalice.com/game.php?id=1852918"]
[Date "2025.2.26"]
[Round "2"]
[White "Carlos19"]
[Black "JoseMessias"]
[Result "1-0"]
[WhiteElo "1678"]
[BlackElo "1739"]

1. e4 e5 2. Nf3 d5 3. d3 dxe4 4. Nxe5 f6 5. Nc4 Qe7 6. Be3 b5 7. Ncd2 f5 8. d4
Ba6 9. a3 b4 10. a4 Bxf1 11. Nxf1 b3 12. cxb3 Qb4+ 13. Bd2 Qxd4 14. Nc3 Bb4 15.
Qc2 Ne7 16. Ne2 Bxd2+ 17. Qxd2 Nbc6 18. Nxd4 O-O-O 19. Qc3 Rxd4 20. b4 Rd3 21.
Qxg7 Rg8 22. Qxh7 Rxg2 23. Ne3 Rg6 24. Nxf5 Re6 25. Nxe7+ Nxe7 26. Ke2 Rb3 27.
Qh8+ Kb7 28. b5 Rxb2+ 29. Qxb2 Nd5 30. a5 Nf4+ 31. Kf1 Nd3 32. Qd4 Nf4 33. a6+
Kc8 34. Qh8+ Kd7 35. Rd1+ Nd3 36. Qh3 Kd6 37. Qg3+ Kd5 38. Qxc7 Rb6 39. Qxa7
Rxb5 40. Qd7+ Kc4 41. f3 Rd5 42. Qc6+ Kd4 43. fxe4 Kxe4 44. Ke2 Nf4+ 45. Kf2
Nd3+ 46. Kg3 Nb4 47. Rhe1+ Kf5 48. Qe6+ Kg5 49. Rxd5+ Nxd5 50. Re5# 1-0

[Event "AUTO-INT-3874"]
[Site "http://www.queenalice.com/game.php?id=1852919"]
[Date "2025.2.26"]
[Round "2"]
[White "JoseMessias"]
[Black "Carlos19"]
[Result "1-0"]
[WhiteElo "1777"]
[BlackElo "1740"]

1. e4 e5 2. Nf3 Nc6 3. Nc3 Bc5 4. d3 d6 5. Nd5 Nf6 6. Bg5 O-O 7. Bxf6 gxf6 8.
Nh4 Ne7 9. Nf5 Nxd5 10. Qg4+ Kh8 11. Qg7# 1-0

[Event "Challenge"]
[Site "http://www.queenalice.com/game.php?id=1854138"]
[Date "2025.3.18"]
[Round "-"]
[White "Leanne"]
[Black "JoseMessias"]
[Result "1-0"]
[WhiteElo "1341"]
[BlackElo "1721"]

1. d4 d5 2. c4 dxc4 3. e3 Nf6 4. Nf3 Bg4 5. Be2 Bxf3 6. Bxf3 e5 7. O-O e4 8. Bg4
h5 9. Be2 b5 10. g3 Nc6 11. b3 Na5 12. bxc4 bxc4 13. Bd2 c6 14. Qa4 Nd5 15. Bxa5
Qd6 16. Qxc4 h4 17. Nc3 hxg3 18. Nxe4 g2 19. Nxd6+ Bxd6 20. Qxc6+ Ke7 21. Qxd5
gxf1=Q+ 22. Rxf1 Bxh2+ 23. Kg2 Rac8 24. Bg4 Rh6 25. Qd7+ Kf6 26. Qxc8 g5 27.
Qf5+ Ke7 28. Rh1 Rf6 29. Qxg5 1-0

[Event "Challenge"]
[Site "http://www.queenalice.com/game.php?id=1854139"]
[Date "2025.3.18"]
[Round "-"]
[White "JoseMessias"]
[Black "Leanne"]
[Result "1-0"]
[WhiteElo "1691"]
[BlackElo "1371"]

1. e4 e6 2. d4 d5 3. e5 c5 4. Bb5+ Bd7 5. Nc3 Bxb5 6. Nxb5 Nc6 7. dxc5 Bxc5 8.
Nf3 Qa5+ 9. Nc3 Bb4 10. Bd2 Bxc3 11. Bxc3 Qc5 12. Bd4 Qb5 13. a4 Qc4 14. c3
O-O-O 15. Nd2 Qa6 16. Nb3 Nxd4 17. Qxd4 Ne7 18. Nc5 Nc6 19. Nxa6 Nxd4 20. cxd4
f6 21. Rc1+ Kd7 22. exf6 gxf6 23. Nc5+ Ke7 24. Nxb7 Rc8 25. Ke2 Rc4 26. Na5 Rxa4
27. Rc7+ Kd6 28. Rxa7 Rxd4 29. Ke3 e5 30. Rc1 Re4+ 31. Kd2 Rc4 32. Nxc4+ dxc4
33. Rxc4 Kd5 34. Kd3 e4+ 35. Rxe4 1-0

[Event "AUTO-INT-3889"]
[Site "http://www.queenalice.com/game.php?id=1854172"]
[Date "2025.3.18"]
[Round "2"]
[White "JoseMessias"]
[Black "game"]
[Result "1-0"]
[WhiteElo "1747"]
[BlackElo "1484"]

1. e4 e5 2. d4 Nc6 3. d5 Nb4 4. c3 Na6 5. Bxa6 bxa6 6. Nf3 d6 7. Qa4+ Bd7 8.
Qxa6 Nf6 9. Bg5 Qb8 10. b3 Nxe4 11. O-O Bb5 12. Qa5 Bxf1 13. Kxf1 Be7 14. Bxe7
Kxe7 15. Qa4 Nc5 16. Qh4+ Kd7 17. Qg4+ Ke8 18. Qxg7 Nxb3 19. Qxh8+ Ke7 20. Qxb8
Rxb8 21. axb3 Rxb3 22. Nbd2 Rxc3 23. Rxa7 Rc1+ 24. Ne1 f5 25. g3 Rc5 26. Nef3
Rc1+ 27. Ke2 h5 28. Nh4 Kf6 29. Ra8 e4 30. Rf8+ Kg5 31. Rxf5+ Kg4 32. Rf4+ Kh3
33. Rxe4 Kxh2 34. Nhf3+ Kg2 35. g4 hxg4 36. Rxg4+ Kh3 37. Rh4+ Kg2 38. Rh2# 1-0

[Event "AUTO-INT-3889"]
[Site "http://www.queenalice.com/game.php?id=1854173"]
[Date "2025.3.18"]
[Round "2"]
[White "game"]
[Black "JoseMessias"]
[Result "0-1"]
[WhiteElo "1536"]
[BlackElo "1739"]

1. e4 e5 2. Nf3 d5 3. Nxe5 Qe7 4. d4 dxe4 5. Bc4 Be6 6. b3 Bxc4 7. Nxc4 b5 8.
Ne3 Qb4+ 9. Nd2 Qxd4 10. O-O Qxa1 11. Nxe4 Qe5 12. Ng3 Bd6 13. Re1 Ne7 14. Bb2
Qxb2 15. Nef5 Nc6 16. h4 O-O 17. Qg4 Nxf5 18. Nxf5 Qc3 19. Qxg7+ Qxg7 20. Nxg7
Kxg7 21. g3 Bb4 22. Re4 f5 23. Rf4 Rae8 24. Kg2 Bd2 25. Rf3 Re4 26. Rd3 Bb4 27.
Rd7+ Rf7 0-1

[Event "AUTO-INT-3910"]
[Site "http://www.queenalice.com/game.php?id=1854359"]
[Date "2025.3.22"]
[Round "2"]
[White "tche_elvio"]
[Black "JoseMessias"]
[Result "0-1"]
[WhiteElo "1449"]
[BlackElo "1702"]

1. e4 b6 2. Nc3 Bb7 3. g3 f5 4. Bg2 Na6 5. d3 e5 6. a3 Nc5 7. Nf3 fxe4 8. Nxe4
Bxe4 9. dxe4 Nxe4 10. O-O d6 11. Be3 Ngf6 12. Ng5 Nxg5 13. Bxa8 Qxa8 14. Bxg5 h6
15. Bxf6 gxf6 16. Qh5+ Ke7 17. b4 b5 18. c3 Qc6 19. Rac1 Kd8 20. Qf5 Ke7 21. h4
h5 22. Qd3 e4 23. Rfe1 f5 24. Qd4 Rh7 25. c4 Bg7 26. Qd5 Qxd5 27. cxd5 Kd7 28.
Rc6 Bb2 29. Ra6 Bc3 30. Rxa7 Bxe1 31. Kf1 Bc3 32. Ke2 Re7 33. a4 Bxb4 34. axb5
Bc5 0-1

[Event "AUTO-INT-3910"]
[Site "http://www.queenalice.com/game.php?id=1854360"]
[Date "2025.3.22"]
[Round "2"]
[White "JoseMessias"]
[Black "tche_elvio"]
[Result "1/2-1/2"]
[WhiteElo "1717"]
[BlackElo "1498"]

1. e4 c5 2. d4 cxd4 3. Qxd4 Nc6 4. Qc5 e5 5. Qc4 h6 6. Be2 Nf6 7. f4 d6 8. f5
Be7 9. b4 O-O 10. g4 d5 11. exd5 Qxd5 12. Qxd5 Nxd5 13. b5 Bb4+ 14. Bd2 Bxd2+
15. Nxd2 Nd4 16. Bc4 Nxc2+ 17. Ke2 Nf4+ 18. Kf3 Nxa1 19. Ne2 Nxe2 20. Bxe2 b6
21. Rxa1 Bb7+ 22. Kg3 f6 23. Bc4+ Kh8 24. h4 a6 25. bxa6 Bxa6 26. Bd5 Rad8 27.
Bc4 Bxc4 28. Nxc4 Rd3+ 29. Kf2 b5 30. Nb6 e4 31. Ke2 Rfd8 32. Rc1 e3 33. a4 bxa4
34. Nxa4 Ra3 35. Nc3 Rd2+ 36. Kxe3 Rxc3+ 37. Rxc3 Rd8 38. h5 Re8+ 39. Kf4 Re5
40. Rh3 Kh7 41. Rh4 Ra5 42. Rh3 Ra4+ 43. Kg3 Ra3+ 44. Kh4 Ra4 45. Rb3 Ra1 46.
Rh3 Re1 47. Rd3 Rh1+ 48. Rh3 Rg1 49. Rg3 Rh1+ 50. Rh3 Rg1 51. Rg3 Rh1+ 52. Rh3
1/2-1/2

[Event "AUTO-INT-3910"]
[Site "http://www.queenalice.com/game.php?id=1854367"]
[Date "2025.3.22"]
[Round "2"]
[White "JoseMessias"]
[Black "game"]
[Result "1-0"]
[WhiteElo "1715"]
[BlackElo "1475"]

1. g3 d6 2. d4 Nc6 3. d5 Nb4 4. c3 Na6 5. e4 Nf6 6. Bg5 Nxe4 7. Bxa6 bxa6 8. Bf4
Bb7 9. c4 c6 10. Nf3 Qb6 11. Be3 Qxb2 12. Bd4 Qb4+ 13. Nfd2 e5 14. dxe6 fxe6 15.
a3 Qa5 16. O-O d5 17. cxd5 Rc8 18. Nxe4 Qxd5 19. Nbc3 Qf5 20. Bxg7 Rd8 21. Nf6+
Ke7 22. Bxf8+ Rhxf8 23. Qb1 Qxf6 24. Qxh7+ Rf7 25. Qc2 Qf3 26. Ne2 Rd6 27. Qc5
Qxe2 28. Qxa7 Rd7 29. Rab1 Kf6 30. Rbe1 Qf3 31. Qc5 Rd5 32. Qb4 c5 33. Qe4 Qxa3
34. Qxe6+ Kg7 35. Re4 Rdf5 36. Rg4+ Kh7 37. Rh4+ Kg7 38. Qh6+ Kg8 39. Qh8# 1-0

[Event "AUTO-INT-3910"]
[Site "http://www.queenalice.com/game.php?id=1854368"]
[Date "2025.3.22"]
[Round "2"]
[White "game"]
[Black "JoseMessias"]
[Result "0-1"]
[WhiteElo "1487"]
[BlackElo "1694"]

1. e4 e5 2. Nf3 Nc6 3. Bc4 d6 4. d4 exd4 5. Nxd4 Nf6 6. Nf3 Nxe4 7. Nc3 Nxc3 8.
bxc3 a6 9. O-O Na5 10. Bg5 f6 11. Qd5 Nxc4 12. Rae1+ Ne5 13. Nxe5 dxe5 14. Rxe5+
Be7 15. Qxd8+ Kxd8 16. Rd5+ Bd7 17. Bf4 c6 18. Rd4 c5 19. Rd3 Kc8 20. Rfd1 Bg4
21. R1d2 c4 22. Rd4 Bc5 23. Rxc4 b6 24. Bg3 Re8 25. h3 Be6 26. Rh4 h6 27. Re4
Kb7 28. Kh2 f5 29. Re5 Rac8 30. Bf4 Bxf2 31. Rxf2 Rxc3 32. g4 fxg4 33. hxg4 Bd7
34. Rd5 Bxg4 35. Rd7+ Bxd7 36. Rd2 Rh3+ 37. Kg2 Kc8 38. Rd6 Re2+ 39. Kf1 Bb5 40.
Kg1 Rxc2 41. Rd1 Bc6 42. Rf1 g5 43. Rf2 Rxf2 0-1